Una mirada al futuro desde el corazón de Vallecas (Record no. 184023)

MARC details
000 -LEADER
campo de control de longitud fija 00766nam a2200205 i 4500
001 - NÚMERO DE CONTROL
campo de control 184023
003 - IDENTIFICADOR DE NÚMERO DE CONTROL
campo de control ES-MaACL
005 - FECHA Y HORA DE LA ÚLTIMA TRANSACCIÓN
campo de control 20250804161019.0
008 - DATOS DE LONGITUD FIJA--INFORMACIÓN GENERAL
campo de control de longitud fija 150223s1998 sp | |||| ||spa d
080 ## - NÚMERO DE LA CLASIFICACIÓN DECIMAL UNIVERSAL
Número de la Clasificación Decimal Universal 373.3/.5(460.27 M.)(091)
100 1# - ENTRADA PRINCIPAL--NOMBRE DE PERSONA
Nombre de persona Seco, Luis Ignacio.
9 (RLIN) 132613
245 14 - MENCIÓN DEL TÍTULO
Título Una mirada al futuro desde el corazón de Vallecas
Resto del título : 40 aniversario Tajamar /
Mención de responsabilidad, etc. [Luis Ignacio Seco].
260 ## - PUBLICACIÓN, DISTRIBUCIÓN, ETC.
Lugar de publicación, distribución, etc. [Madrid :
Nombre del editor, distribuidor, etc. s.n.,
Fecha de publicación, distribución, etc. 1998]
300 ## - DESCRIPCIÓN FÍSICA
Extensión 153 p. :
Otras características físicas il. col. y n. ;
Dimensiones 22 cm.
610 24 - PUNTO DE ACCESO ADICIONAL DE MATERIA--NOMBRE DE ENTIDAD CORPORATIVA
Nombre de entidad corporativa o nombre de jurisdicción como elemento de entrada Fundación Tajamar-
Subdivisión de forma Historia.
9 (RLIN) 156418
852 ## - LOCALIZACIÓN
Ubicación ES-MaACL
Número de control de estantería A-13399
itemnumber 190989
Sublocalización o colección R.150200
Ubicación en estantería Depósito 1
Signatura antigua Olim: N-6399
Donativo/Legado Donación: Pilar Fernández
903 ## - NOMBRE PERSONAL DE DONANTE
a Fernández Vera, Pilar,
d 1961-
e Donante
9 49420
942 ## - ELEMENTOS DE ENTRADA SECUNDARIOS (KOHA)
Fuente del sistema de clasificación o colocación Clasificación decimal universal
Tipo de ítem Koha Libro impreso
Holdings
Estatus retirado Estado de pérdida Fuente del sistema de clasificación o colocación Estado de daño No para préstamo Biblioteca de origen Biblioteca actual Ubicación en estantería Fecha de adquisición Fuente de adquisición Total de préstamos Signatura topográfica completa Código de barras Visto por última vez Precio de reemplazo Tipo de ítem Koha
    Clasificación decimal universal     Biblioteca del Ateneo de Madrid Biblioteca del Ateneo de Madrid Depósito 1 23/02/2015 Donación   A-13399 1193510 23/02/2023 23/02/2023 Libro impreso